Κατάλογος Βιβλιοθηκών Mediterranean College

Design and Analysis / A Researcher's Handbook (Record no. 2668)

MARC details
000 -LEADER
fixed length control field 01220cam a22002054a 4500
005 - ΗΜΕΡΟΜΗΝΙΑ ΚΑΙ ΩΡΑ ΤΕΛΕΥΤΑΙΑΣ ΕΝΗΜΕΡΩΣΗΣ
Πεδίο ελέγχου 20250605164050.0
008 - FIXED-LENGTH DATA ELEMENTS--GENERAL INFORMATION
Πεδίο ελέγχου σταθερού μήκους 250528s ||||||||||||||||||||||||d
035 ## - SYSTEM CONTROL NUMBER
System control number 17240
020 ## - ISBN
ISBN 132007754
040 ## - ΠΗΓΗ ΚΑΤΑΛΟΓΟΓΡΑΦΗΣΗΣ
Φορέας πρωτότυπης καταλογογράφησης MC Athens Campus Library
Γλώσσα καταλογογράφησης Ελληνικά, Μοντέρνα (1453-)
Modifying agency MC Athens Campus Library
Κανόνες περιγραφικής καταλογογράφησης AACR2
245 1# - ΤΙΤΛΟΣ ΚΑΙ ΔΗΛΩΣΗ ΥΠΕΥΘΥΝΟΤΗΤΑΣ
Τίτλος Design and Analysis / A Researcher's Handbook
250 ## - EDITION STATEMENT
Edition statement 3rd
260 ## - PUBLICATION, DISTRIBUTION, ETC.
Name of publisher, distributor, etc. Prentice Hall,
Date of publication, distribution, etc. 1991
300 ## - PHYSICAL DESCRIPTION
Extent 596
520 ## - SUMMARY, ETC.
Summary, etc. A best-selling, advanced level, researcher-oriented exploration of experimental design and statistical analysis - without reliance on mathematical arguments or statistical proofs. Preface, Introduction, Design of Experiments, Single-Factor Experiments, Specifying Sources of Variability, Assumptions and Other Considerations, Analysis of Trend, Factorial Experiments with Two Factors, Introduction to Factorial Design, The Analysis of Interaction Comparisons, Designs with a Control or Concomitant Variable, Within-Subjects Designs, The Single-Factor Within-Subjects Designs, Higher-Order Factorial Experiments, The Two-Factor Within-Subjects Designs, Other Higher-Order Designs, Appendices, References, Author and Subject Index.
700 1# - ΠΡΟΣΘΕΤΗ ΑΝΑΓΡΑΦΗ--ΦΥΣΙΚΟ ΠΡΟΣΩΠΟ
Personal name Keppel Geoffrey
9 (RLIN) 305
942 ## - ADDED ENTRY ELEMENTS (KOHA)
Koha item type Books
Holdings
Τύπος τεκμηρίου Βιβλιοθήκη Τρέχουσα τοποθεσία Barcode Αριθμός εισαγωγής Ημερομηνία απόκτησης Ταξιθετικό σύμβολο Αριθμός αντιτύπου Κατάσταση απόσυρσης Κατάσταση χαμένου Κατάσταση κατεστραμμένου Μη δανεισμός Σύνολο δανεισμών Ημερομηνία τελευταίας εμφάνισης Η τιμή ισχύει από
Books MC Athens Campus Library MC Athens Campus Library 9780000026675 9055 05/06/2025 330.724 KEP 1           05/06/2025 05/06/2025

MC Athens Campus Library
Πατησίων 94 & Κοδριγκτώνος 13, 104 34
Πελλήνης 8 & Πατησίων 107, 112 51
Τ: +30 210 8899600

MC Thessaloniki Campus Library
Ίωνος Δραγούμη 21, 54625 | Ίωνος Δραγούμη 15, 54625
Τ: +30 2310 287779 – Τ: +30 2314 440300